Modelos de arquitectura moderna, monografias de edificios ejemplares volumen I, 1920 - 1940.

Bibliographic Details
Main Author: Blundell Jones, Peter
Format: Section = Libro
Language:Undetermined
Spanish
Published: Barcelona Reverté 2011
Subjects:
LEADER 00594nam a2200205Ia 4500
008 240829s9999 xx 000 0 und d
020 |a 978-84-291-2121 
040 |a BIBLIOTECA-RUSB/ 724.6 B658 
041 |a spa 
082 |a 724.6 B658 
100 1 |a Blundell Jones, Peter 
245 1 0 |a Modelos de arquitectura moderna, monografias de edificios ejemplares volumen I, 1920 - 1940. 
260 |a Barcelona  |b Reverté  |c 2011 
300 |a 332 p. :il. 
650 7 |a ARQUITECTURA MODERNA 
650 7 |b  ARQUITECTURA CONTEMPORANEA 
650 7 |c  SIGLO XX 
942 |c BK  |2 ddc 
991 |a TEXTO 
999 |c 5194